|
|
|
|
| LEADER |
01186nam a2200277 a 4500 |
| 001 |
0017181 |
| 003 |
BD-DhAAL |
| 008 |
090730r20001997enk b 000 1 eng d |
| 010 |
|
|
|a 98171278
|
| 020 |
|
|
|a 0141182814
|
| 040 |
|
|
|a DLC
|c DLC
|d BD-DhAAL
|
| 082 |
0 |
0 |
|a 823.912
|2 21
|
| 100 |
1 |
|
|a Mansfield, Katherine,
|d 1888-1923.
|9 58348
|
| 245 |
1 |
4 |
|a The garden party, and other stories /
|c Katherine Mansfield ; edited with an introduction and notes by Lorna Sage.
|
| 260 |
|
|
|a London ;
|a New York :
|b Penguin Books,
|c 1997 [reprinted 2000].
|
| 300 |
|
|
|a xxiv, 159 p. ;
|c 20 cm
|
| 490 |
|
0 |
|a Penguin classics.
|
| 504 |
|
|
|a Includes bibliographical references (p. xxii-xxiii).
|
| 526 |
|
|
|a ENH
|x
Prof. Syed Manzoorul Islam
Faculty Member of BRAC University
|
| 541 |
1 |
|
|e 00017181
|a Friends' Book Corner
|
| 651 |
|
0 |
|a New Zealand
|x Social life and customs
|x Fiction.
|9 58349
|
| 700 |
1 |
|
|a Sage, Lorna.
|9 58350
|
| 852 |
4 |
|
|a Ayesha Abed Library
|c General Stacks
|
| 942 |
|
|
|2 ddc
|c BK
|
| 999 |
|
|
|c 3108
|d 3108
|
| 952 |
|
|
|0 0
|1 0
|2 ddc
|4 0
|6 823_912000000000000_MAN
|7 0
|9 2818
|a BRACUL
|b BRACUL
|c GEN
|d 2009-08-30
|e Friends' Book Corner
|g 1019.00
|l 7
|m 35
|o 823.912 MAN
|p 3010017181
|r 2022-12-27
|s 2022-12-15
|t 1
|w 2009-08-30
|y BK
|